000
00247nam a2200097Ia 4500
001
789572
005
20250826170421.0
008
250824s9999 xx 000 0 und d
245
0
_a
PROJE:ÖLÜMCÜL VİRÜS
_c
TESS GERRITSEN
260
_b
MARTI YAYINLARI
999
_c
789572
_d
789572